000
00238nam a22000857a 4500
008
160701b xxu||||| |||| 00| 0 eng d
100
_9
1708
_a
Gadekar, A
245
_a
Bookworm: English Suupplementary Reader
260
_a
New delhi
_b
Arya
_c
1997
999
_c
1417
_d
1417